Central Library OPAC University of Rajshahi

Differential geometry and symmetric spaces / (Record no. 70240)

MARC details
000 -LEADER
fixed length control field 00849nam a2200265 a 4500
001 - CONTROL NUMBER
control field 70240
003 - CONTROL NUMBER IDENTIFIER
rucl marc code BD-RjUL
005 - DATE AND TIME OF LATEST TRANSACTION
control field 20211209081958.0
008 - FIXED-LENGTH DATA ELEMENTS--GENERAL INFORMATION
fixed length control field 170416s1962 nyu b 001 0 eng
035 ## - SYSTEM CONTROL NUMBER
System control number (BD-RjUL)70454
040 ## - CATALOGING SOURCE
Original cataloging agency DLC/ICU
Transcribing agency ICU
Modifying agency BD-RjUL
Language of cataloging eng
041 ## - LANGUAGE CODE
Language code of text/sound track or separate title eng
082 00 - DEWEY DECIMAL CLASSIFICATION NUMBER
Classification number 516.36
Edition number 23
Author mark and year HED 1962
100 1# - MAIN ENTRY--PERSONAL NAME
Personal name Helgason, Sigurdur,
Dates associated with a name 1927-
9 (RLIN) 208017
245 10 - TITLE STATEMENT
Title Differential geometry and symmetric spaces /
Statement of responsibility, etc. Sigurdur Helgason
260 ## - PUBLICATION, DISTRIBUTION, ETC. (IMPRINT)
Place of publication, distribution, etc. New York :
Name of publisher, distributor, etc. Academic Press,
Date of publication, distribution, etc. 1962.
300 ## - PHYSICAL DESCRIPTION
Pagination xiv, 486 p. ;
Size 24 cm.
490 1# - SERIES STATEMENT
Series statement Pure and applied mathematics,
Volume/sequential designation 12
504 ## - BIBLIOGRAPHY, ETC. NOTE
Bibliography, etc Includes index and bibliography.
650 #0 - SUBJECT ADDED ENTRY--TOPICAL TERM
Topical term or geographic name as entry element Geometry, Differential.
9 (RLIN) 208018
Topical term or geographic name as entry element Symmetric spaces.
9 (RLIN) 151485
830 #0 - SERIES ADDED ENTRY--UNIFORM TITLE
Uniform title Pure and applied mathematics (Academic Press) ;
Volume number/sequential designation 12.
942 ## - ADDED ENTRY ELEMENTS (KOHA)
Source of classification or shelving scheme Dewey Decimal Classification
Koha item type Books
Holdings
Lost status Source of classification or shelving scheme Damaged status Not for loan Collection code Permanent Location Current Location Shelving location Date acquired Source of acquisition Cost, normal purchase price Total Checkouts Full call number Date last seen Copy number Koha item type
  Dewey Decimal Classification   Not For Loan Non-fiction Central Library, University of Rajshahi Central Library, University of Rajshahi Reading Room 12/11/1963 Zeitlinger 100.00   516.36 HED 1962 16/04/2017 C-1 Books